000 00265nam a2200097Ia 4500
008 220204s9999 xx 000 0 und d
082 _a339.19(667)
_bECO
245 0 _aEconomic and commercial reports: Ghana
260 _aDelhi
_bMinistry of Commerce
_c1968
942 _cBK
999 _c22174
_d22174